书目信息 |
| 题名: |
维京传奇:来自海上的战狼
|
|
| 作者: | 布朗沃思 著 ;豆岩 , 陈丽 译 | |
| 分册: | ||
| 出版信息: | 北京 中信出版社 2016 |
|
| 页数: | 262页 | |
| 开本: | 22cm | |
| 丛书名: | 欧洲中世纪三部曲 | |
| 单 册: | ||
| 中图分类: | K530.9 | |
| 科图分类: | ||
| 主题词: | ||
| 电子资源: | ||
| ISBN: | 978-7-5086-6845-1 | |
| 000 | 01941nam 2200325 450 | |
| 001 | 1864560364 | |
| 005 | 20181206175600.36 | |
| 010 | @a978-7-5086-6845-1@b精装@dCNY42.00 | |
| 100 | @a20170106d2016 em y0chiy50 ea | |
| 101 | 1 | @achi@ceng |
| 102 | @aCN@b110000 | |
| 105 | @ab a 000yy | |
| 200 | 1 | @a维京传奇:来自海上的战狼@Awei jing chuan qi: lai zi hai shang de zhan lang@d= The Sea Wolves : a history of the Vikings@f(美) 拉尔斯·布朗沃思著@g豆岩, 陈丽译@zeng |
| 210 | @a北京@c中信出版社@d2016 | |
| 215 | @a262页@c地图@d22cm | |
| 225 | 2 | @a欧洲中世纪三部曲@Aou zhou zhong shi ji san bu qu |
| 314 | @a拉尔斯·布朗沃思 Lars Brownworth英语世界公认最会讲历史故事的作家之一,著名播主、作家、教师,创立了最早的历史播客“拜占庭十二帝”。苹果公司认为,“拜占庭十二帝”是使其播客风格得以形成的50个播客之一。目前,布朗沃思一直更新着他的历史播客,拥有大量的忠实听众,并且在美国一所教会大学担任历史系主任。 | |
| 320 | @a有书目 (第260-262页) | |
| 330 | @a公元793年,古斯堪的纳维亚的勇士袭击了英格兰的林迪斯法恩小岛,将其夷为一片废墟。从此之后,一批又一批“海狼”从北方的神秘海域接踵而至,肆无忌惮地到处抢劫、杀戮,炫耀他们的英勇、诡计和抢来的财富;而欧陆居民所看重的土地、爵位和基督教信仰,他们一概视如粪土。这就是维京人,8世纪末突然降临在欧洲人头顶的噩梦。 那之后的两个世纪,维京人在他们的主神奥丁和雷神托尔的庇佑下所向披靡,不列颠、法国、德国、西班牙,甚至北非的阿拉伯城市,都遭到了维京龙船和利斧的扫荡。接着,他们又沿着大陆内部那些人迹罕至的河流一路向东,占领了基辅,攻陷了拜占庭帝国的首都君士坦丁堡…… | |
| 333 | @a相关研究人员 | |
| 410 | 0 | @12001 @a欧洲中世纪三部曲 |
| 500 | 10 | @aThe Sea Wolves : a history of the Vikings@mChinese |
| 607 | @a北欧@Abei ou@x中世纪史@j通俗读物 | |
| 690 | @aK530.9@v5 | |
| 701 | 1 | @a布朗沃思@Abu lang wo si@g(Brownworth, Lars)@4著 |
| 702 | 0 | @a豆岩@Adou yan@4译 |
| 702 | 0 | @a陈丽@Achen li@4译 |
| 801 | 0 | @aCN@bMUSE@c20181206 |
| 905 | @aBZT@dK530.9@e1 | |
| 906 | @dCNY42.00@n3@r1 | |
| 维京传奇:来自海上的战狼= The Sea Wolves : a history of the Vikings/(美) 拉尔斯·布朗沃思著/豆岩, 陈丽译.-北京:中信出版社,2016 |
| 262页:地图;22cm.-(欧洲中世纪三部曲) |
| 使用对象:相关研究人员 |
| ISBN 978-7-5086-6845-1(精装):CNY42.00 |
| 公元793年,古斯堪的纳维亚的勇士袭击了英格兰的林迪斯法恩小岛,将其夷为一片废墟。从此之后,一批又一批“海狼”从北方的神秘海域接踵而至,肆无忌惮地到处抢劫、杀戮,炫耀他们的英勇、诡计和抢来的财富;而欧陆居民所看重的土地、爵位和基督教信仰,他们一概视如粪土。这就是维京人,8世纪末突然降临在欧洲人头顶的噩梦。 那之后的两个世纪,维京人在他们的主神奥丁和雷神托尔的庇佑下所向披靡,不列颠、法国、德国、西班牙,甚至北非的阿拉伯城市,都遭到了维京龙船和利斧的扫荡。接着,他们又沿着大陆内部那些人迹罕至的河流一路向东,占领了基辅,攻陷了拜占庭帝国的首都君士坦丁堡…… |
| ● |
| 相关链接 |
|
|
|
正题名:维京传奇:来自海上的战狼
索取号:K530.9/1
 
预约/预借
| 序号 | 登录号 | 条形码 | 馆藏地/架位号 | 状态 | 备注 |
| 1 | 857037 | 2000857037 | 第二书库/ [索取号:K530.9/1] | 在馆 | |
| 2 | 857038 | 2000857038 | 第二书库/ [索取号:K530.9/1] | 在馆 | |
| 3 | 857039 | 2000857039 | 第二书库/ [索取号:K530.9/1] | 在馆 |